000 00520cam a2200193ua 4500
001 7924
008 141230n ii |||gr||||Z||||||hin
040 _cMAIN
041 _ahin
082 _a891.434
100 _aBandyopadhyaya, A. Kr.,
_eCompiler.,
245 1 _aRavindra rachana sanchayan
_cCompiled by Asit. Kumar Bandyopadhyaya
250 _a1st.
260 _aNew Delhi:
_bSahitya akademi,
_c1987.
300 _a820p.
653 _aEast Indo-European & Celtic literatures
653 _aHindi essays
942 _cBK
999 _c7044
_d7044